000 00579nam a2200205Ia 4500
005 20240821024927.0
008 240331s9999 xx 000 0 und d
020 _a9789555801324
082 _bHER
_a613.042
245 0 _aHealing the wounds :
_b rebuilding Sri Lanka after the war
260 _aColombo and Kandy
_bInternational Centre for Ethnic Studies
_c2012
300 _axi, 209 p .,
650 _aEthnicity
650 _aPolitics
650 _aCultural
650 _aSocial
700 _aHerath, Dhammika.
_eedt
700 _aSilva, Kalinga Tudor.
_eedt
942 _cL
999 _c5854
_d5854